000 00407nam a2200169Ia 4500
008 230711s9999||||xx |||||||||||||| ||und||
020 _a978-81-315-1467-2
041 _aENG
082 _a137
_bBU-S
100 _aButterfield,Jeff
245 0 _aSoft Skills for Everyone
250 _a6th Ed.
260 _c2015
_aDelhi
_bCengage Learning
300 _a638p.
650 _aCOMMUNICATION SKILL
942 _cBK
999 _c7256
_d7256